| 000 | 00588nam a2200181Ia 4500 | ||
|---|---|---|---|
| 020 | _a0785430571 (teacher's ed.) | ||
| 020 | _a0785430563 (student ed.) | ||
| 040 | _cMNC | ||
| 082 | _a425 ASG 2003 A023 Or. | ||
| 100 | 1 | _aAinsworth, Barbara A | |
| 245 | 1 | 0 |
_aEnglish to use. _bteacher's edition / |
| 260 |
_aCircle Pines, MN : _bAGS, American Guidance Service, _cc2003 |
||
| 300 |
_aT18, xvi, 338 p. : _bill. ; _c28 cm. + _eStudent text (xvi, 304 p. : ill. ; 24 cm.) |
||
| 650 | 0 | _aEnglish language | |
| 700 | 1 | _aTrautman, David H | |
| 710 | 2 | _aAmerican Guidance Service | |
| 942 | _cEK | ||
| 999 |
_c14061 _d14061 |
||